| 000 | 00489nam a2200193Ia 4500 | ||
|---|---|---|---|
| 008 | 170918s9999 xx 000 0 und d | ||
| 020 | _a9780590100724 | ||
| 050 | _bC471 1998 | ||
| 100 | _aChardiet, Bernice | ||
| 245 | 4 | _aThe easter ribbit / | |
| 245 | _cby Bernice Chardiet ; illustrated by Charles Micucci. | ||
| 260 | _aNew York : | ||
| 260 | _bScholastic, | ||
| 260 | _c1998 | ||
| 300 | _aunpaged : | ||
| 300 | _bcolored illustration ; | ||
| 300 | _c20cm. | ||
| 500 | _a550 | ||
| 999 |
_c342826 _d342826 |
||